Statistiken für Fußball Europameisterschaft Torschützenkönige

Klicken Sie hier um das Quiz zu spielen!

Allgemein

  • Dieses Quiz wurde 515 mal gespielt
  • Das Durchschnittsergebnis liegt bei 7 aus 26

Antwortstatistiken

JahrNationalitätToreSpieler% Korrekt
2021Portugal5Cristiano Ronaldo
99%
2016Frankreich6Antoine Griezmann
84%
2012Spanien3Fernando Torres
78%
2008Spanien4David Villa
72%
1972Deutschland4Gerd Müller
72%
1976 Deutschland4Dieter Müller
69%
1988Niederlande5Marco van Basten
51%
1984Frankreich9Michel Platini
42%
1996England5Alan Shearer
35%
2000Niederlande5Patrick Kluivert
28%
2004Tschechien5Milan Baroš
22%
1992Niederlande3Dennis Bergkamp
17%
1980Deutschland3Klaus Allofs
13%
1992Deutschland3Karl-Heinz Riedle
11%
1992Schweden3Tomas Brolin
6%
1992Dänemark3Henrik Larsen
5%
2000Serbien5Savo Milošević
5%
1968Jugoslawien2Dragan Džajić
2%
1964Ungarn2Ferenc Bene
2%
1964Ungarn2Dezső Novák
1%
1960Jugoslawien2Dražan Jerković
1%
1960Frankreich2François Heutte
1%
1964Spanien2Jesús María Pereda
1%
1960Jugoslawien2Milan Galić
1%
1960Sowjetunion2Walentin Iwanow
1%
1960Sowjetunion2Wiktor Ponedelnik
1%

Verteilung der Resultate

Perzentil nach korrekt beantworteten Fragen

Anzahl Personen mit jedem Resultat

Ihre Resultats-Entwicklung

Sie haben dieses Quiz noch nicht gespielt